000 00627nam a2200205 i 4500
001 101145
003 ES-MaACL
007 t|
008 051013s1948 ag ||||1| spa d
100 1 _aMauriac, François,
_d1885-1970
_979251
245 1 3 _aEl nudo de víboras /
_cFrançois Mauriac; traducción de María Teresa López.
250 _a[2ª ed.].
260 _aBuenos Aires :
_bEdit. Sudamericana,
_c1948.
300 _a273 p. ;
_c19 cm.
490 1 _aHorizonte
700 1 _aLópez, María Teresa.
_973357
830 0 _aHorizonte
_9180916
852 _aES-MaACL
_jB-3059
_bR.29849
999 _c101145
_d101145